Chansons françaises 5 - Statistiques

Statistiques générales
  • Ce quiz a été pris 533 fois
  • Le résultat moyen est 21 sur 60
Statistiques - réponses
Chanson Artiste(s) % Correct
Quand la musique est bonne Jean-Jacques Goldman
90%
Comme d'habitude Claude François
82%
Le Sens de la vie TAL
76%
La Java de Broadway Michel Sardou
75%
Ici les Enfoirés Les Enfoirés
70%
Ouragan Stéphanie de Monaco
70%
Sur la route de Memphis Eddy Mitchell
69%
Il me dit que je suis belle Patricia Kaas
64%
Bécassine Chantal Goya
63%
Ramenez la coupe à la maison Vegedream
59%
Le Chant des sirènes (2015) Fréro Delavega
57%
Retiens la nuit Johnny Hallyday
57%
Pour toi Arménie Charles Aznavour (et autres artistes)
55%
Tu m'oublieras Larusso
54%
Les filles de mon pays Enrico Macias
50%
Ce matin va être une pure soirée Fatal Bazooka
50%
Le Casse de Brice Jean Dujardin
50%
On dirait Amir
48%
Aurélie Colonel Reyel
48%
Je t'aime à l'italienne Frédéric François
44%
Aimer à perdre la raison Jean Ferrat
44%
La Zoubida Lagaf'
44%
J'envoi valser Zazie
42%
D'aventures en aventures Serge Lama
41%
Les princes des villes Michel Berger
40%
Que tu reviennes Patrick Fiori
40%
A la faveur de l'automne Tété
40%
Pour le plaisir Herbert Léonard
38%
Amoureux de ma femme Richard Anthony
38%
Les bobos Renaud
33%
La vie du bon côté Keen'V
29%
Tant pis Roch Voisine
28%
La légende de Jimmy Diane Tell
27%
Raphaël (2002) Carla Bruni
26%
Di Doo Dah Jane Birkin
26%
Une femme amoureuse Mireille Mathieu
24%
C'est la vie Lily Joe Dassin
21%
Nique la BAC Lorenzo
20%
La robe et l'échelle Francis Cabrel
19%
J'ai la mémoire qui flanche Jeanne Moreau
18%
T'as le look coco Laroche Valmont
18%
La fille du coupeur de joints Hubert-Félix Thiéfaine
17%
Les mots (2001) Mylène Farmer
17%
Kilimandjaro Pascal Danel
17%
Le folklore américain Sheila
16%
Les vacances au bord de la mer Michel Jonasz
15%
Faire un pont Dick Rivers
12%
Ton mec Kyo
11%
Yaka Danse Raft
10%
J'ai faim de toi Sandy Stevens
9%
On court Yannick Noah
9%
Flamme à lunette Dionysos & Olivia Ruiz
6%
Les temps changent (1997) MC Solaar
6%
Quand la mer se retire C. Jérôme
5%
Mets de l'huile Regg'Lyss
5%
Tom Pillibi Jacqueline Boyer
3%
Coeur de Pierre, Face de Lune Maxime Le Forestier
3%
Le Bleu de l'été Les compagnons de la chanson
1%
Le fruit défendu Mystik & K-Reen
1%
Terre indigo Philippe Candelon & Barbara Scaff (Club Dorothée)
1%
Aucun quiz correspondant
Distribution des résultats
% des personnes avec chaque résultat
Percentile par nombre de réponses
Votre historique - résultats
Vous n’avez pas pris ce quiz